Datum a čas kvízu
19
Celkem bodů
Celkový počet nahraných bodů na tomto kvízu bez doplňovacích otázek.
7.
Pořadí na kvízu
Konečné umístění týmu na tomto kvízu.
Zaznamenané odpovědi
| # | Otázka | Odpověď | Body | Výsledky |
|---|---|---|---|---|
| 1. | Minulý týden navštívil Českou... | 0 | ||
| 2. | Úřady a zdravotnické instituce... | 1 | ||
| 3. | Jak se jmenuje nové album skup... | 0 | ||
| 4. | Jaká značka vozu získala minul... | 0 | ||
| 5. | Argentinský útočník Carlos Tév... | 0 | ||
| 6. | Zaměříme se na nová slova v če... | 0 | ||
| 7. | Jeden z našich nejdůraznějších... | 0.5 | ||
| 8. | Někdy dochází jen k posunu výz... | 1 | ||
| 9. | Jak se nazývá termín, který by... | 0 | ||
| 10. | Tvorba neologismů není jen zál... | 1 |